F1 World Drivers Champions In Order - Statistics

General Stats
  • This quiz has been taken 172 times
  • The average score is 57 of 74
Answer Stats
Year Driver % Correct
2023 Max Verstappen
100%
2022 Max Verstappen
98%
2020 Lewis Hamilton
97%
2019 Lewis Hamilton
97%
2018 Lewis Hamilton
97%
2017 Lewis Hamilton
97%
2015 Lewis Hamilton
97%
2021 Max Verstappen
97%
2014 Lewis Hamilton
96%
2016 Nico Rosberg
96%
2013 Sebastian Vettel
94%
2012 Sebastian Vettel
94%
2011 Sebastian Vettel
94%
2006 Fernando Alonso
93%
2009 Jenson Button
93%
2008 Lewis Hamilton
93%
2004 Michael Schumacher
93%
2003 Michael Schumacher
93%
2002 Michael Schumacher
93%
2001 Michael Schumacher
93%
2010 Sebastian Vettel
93%
2000 Michael Schumacher
92%
2005 Fernando Alonso
91%
2007 Kimi Raikkonen
91%
1999 Mika Hakkinen
90%
1995 Michael Schumacher
89%
1998 Mika Hakkinen
89%
1994 Michael Schumacher
88%
1997 Jacques Villeneuve
86%
1993 Alain Prost
85%
1996 Damon Hill
85%
1991 Ayrton Senna
84%
1990 Ayrton Senna
84%
1989 Alain Prost
82%
1988 Ayrton Senna
82%
1992 Nigel Mansell
79%
1987 Nelson Piquet
75%
1984 Niki Lauda
74%
1986 Alain Prost
73%
1985 Alain Prost
71%
1955 Juan Manuel Fangio
70%
1983 Nelson Piquet
70%
1954 Juan Manuel Fangio
69%
1982 Keke Rosberg
69%
1977 Niki Lauda
69%
1976 James Hunt
68%
1951 Juan Manuel Fangio
68%
1975 Niki Lauda
68%
1956 Juan Manuel Fangio
67%
1981 Nelson Piquet
67%
1957 Juan Manuel Fangio
66%
1980 Alan Jones
65%
1952 Alberto Ascari
65%
1950 Giuseppe Farina
65%
1953 Alberto Ascari
63%
1979 Jody Scheckter
63%
1978 Mario Andretti
61%
1974 Emerson Fittipaldi
60%
1973 Jackie Stewart
60%
1972 Emerson Fittipaldi
59%
1968 Graham Hill
59%
1962 Graham Hill
59%
1971 Jackie Stewart
59%
1969 Jackie Stewart
59%
1965 Jim Clark
59%
1963 Jim Clark
58%
1970 Jochen Rindt
58%
1961 Phil Hill
58%
1960 Jack Brabham
57%
1966 Jack Brabham
56%
1959 Jack Brabham
56%
1958 Mike Hawthorn
55%
1967 Denny Hulme
53%
1964 John Surtees
53%
No matching quizzes found
Score Distribution
Percent of People with Each Score
Percentile by Number Answered
Your Score History
You have not taken this quiz